Quiz - Chansons dans 2016 - 2018 - Statistiques

Statistiques générales
  • Ce quiz a été pris 5 fois
  • Le résultat moyen est 4 sur 14
Statistiques - réponses
Chansons Réponse % Correct
4 Babylone
80%
1 Niveau 1
60%
9 444 nuits
40%
13 Malik al mawt
40%
2 Rien d'spécial
40%
5 150CC
20%
12 Cloud 8
20%
7 Deadpornstars
20%
11 Kodak White
20%
6 Overdab
20%
8 Skyclub
20%
14 Suga suga
20%
10 Emoji
0%
3 Jugements
0%
Aucun quiz correspondant
Distribution des résultats
% des personnes avec chaque résultat
Percentile par nombre de réponses
Votre historique - résultats
Vous n’avez pas pris ce quiz